MARC details
| 000 -LEADER |
| fixed length control field |
01231 a2200373 4500 |
| 001 - CONTROL NUMBER |
| control field |
200128613 |
| 003 - CONTROL NUMBER IDENTIFIER |
| control field |
TR-AnTOB |
| 005 - DATE AND TIME OF LATEST TRANSACTION |
| control field |
20231129162551.0 |
| 008 - FIXED-LENGTH DATA ELEMENTS--GENERAL INFORMATION |
| fixed length control field |
130318s2004 tu 000 0 |
| 020 ## - INTERNATIONAL STANDARD BOOK NUMBER |
| International Standard Book Number |
9757347507 |
| 040 ## - CATALOGING SOURCE |
| Original cataloging agency |
TR-AnTOB |
| 041 ## - LANGUAGE CODE |
| Language code of text/sound track or separate title |
Türkçe |
| 050 00 - LIBRARY OF CONGRESS CALL NUMBER |
| Classification number |
TD171.5.T8 |
| Item number |
C49 2004 |
| 090 ## - LOCALLY ASSIGNED LC-TYPE CALL NUMBER (OCLC); LOCAL CALL NUMBER (RLIN) |
| Classification number (OCLC) (R) ; Classification number, CALL (RLIN) (NR) |
TD171.5.T8 C49 2004 |
| 245 10 - TITLE STATEMENT |
| Title |
Çevre el kitabı / |
| Statement of responsibility, etc. |
hazırlayanlar: Enver Kurgun, Nilgün Tarkay,Nejat Aydın. |
| 264 #1 - PRODUCTION, PUBLICATION, DISTRIBUTION, MANUFACTURE, AND COPYRIGHT NOTICE |
| Place of production, publication, distribution, manufacture |
Ankara : |
| Name of producer, publisher, distributor, manufacturer |
T.C. Çevre ve Orman Bakanlığı, |
| Date of production, publication, distribution, manufacture, or copyright notice |
2004. |
| 300 ## - PHYSICAL DESCRIPTION |
| Extent |
142 p. : |
| Other physical details |
ill. ; |
| Dimensions |
24 cm. |
| 504 ## - BIBLIOGRAPHY, ETC. NOTE |
| Bibliography, etc. note |
|
| 610 14 - SUBJECT ADDED ENTRY--CORPORATE NAME |
| Corporate name or jurisdiction name as entry element |
Türkiye. |
| Subordinate unit |
Çevre ve Orman Bakanlığı |
| 9 (RLIN) |
89716 |
| 650 17 - SUBJECT ADDED ENTRY--TOPICAL TERM |
| Topical term or geographic name entry element |
Bitkiler |
| Geographic subdivision |
Türkiye |
| Source of heading or term |
etuturkob |
| 9 (RLIN) |
142730 |
|
| Topical term or geographic name entry element |
Plants |
| Geographic subdivision |
Turkey |
| 9 (RLIN) |
50050 |
|
| Topical term or geographic name entry element |
Pollution |
| Geographic subdivision |
Turkey |
| 9 (RLIN) |
86856 |
|
| Topical term or geographic name entry element |
Kirlenme |
| Geographic subdivision |
Türkiye |
| 9 (RLIN) |
82237 |
|
| Topical term or geographic name entry element |
Refuse and refuse disposal |
| Geographic subdivision |
Turkey |
| 9 (RLIN) |
86858 |
|
| Topical term or geographic name entry element |
Atık ve atık boşaltımı |
| Geographic subdivision |
Türkiye |
| 9 (RLIN) |
86859 |
|
| Topical term or geographic name entry element |
Animals |
| Geographic subdivision |
Turkey |
| 9 (RLIN) |
86860 |
|
| Topical term or geographic name entry element |
Hayvanlar |
| Geographic subdivision |
Türkiye |
| 9 (RLIN) |
86861 |
| 700 1# - ADDED ENTRY--PERSONAL NAME |
| Personal name |
Kurgun, Enver |
| 9 (RLIN) |
86851 |
|
| Personal name |
Aydın, Nejat |
| 9 (RLIN) |
86852 |
|
| Personal name |
Tarkay, Nilgün |
| 9 (RLIN) |
86853 |
| 710 1# - ADDED ENTRY--CORPORATE NAME |
| Corporate name or jurisdiction name as entry element |
Türkiye. |
| Subordinate unit |
Çevre ve Orman Bakanlığı |
| 9 (RLIN) |
89716 |
| 942 ## - ADDED ENTRY ELEMENTS (KOHA) |
| Koha item type |
Book |